| 000 | 00661nam a2200193Ii 4500 | ||
|---|---|---|---|
| 003 | JO-AjNU | ||
| 008 | 230605s9999||||xx |||||||||||||| ||und|| | ||
| 040 |
_aJO-AjNU _bara _erda _cJO-AjNU |
||
| 041 | _aara | ||
| 050 | 1 | 4 | _aQH327.H3 1964 |
| 100 | 3 |
_aهانران، جيمس س, _eauthor _940299 |
|
| 245 | 0 | 0 | _aبيولوجيا الفضاء العوامل البشريه في طيران الفضاء |
| 264 | 3 | 1 | _aالقاهرة:مؤسسة فرانكلين ، 1964 |
| 300 | _a437ص | ||
| 336 |
_atext _btxt _2rdacontent |
||
| 337 |
_aunmediated _bn _2rdamedia |
||
| 338 |
_avolume _bnc _2rdacarrier |
||
| 650 | 4 |
_aالطيران -علوم الفضاء _940300 |
|
| 999 |
_aA17090 _c20658 _d20658 |
||